[Event "TUR-chT Clubs"]
[Site "Konya"]
[Date "2019.07.18"]
[Round "5.20"]
[White "Elidolu, Oguz Kaan"]
[Black "Guvel, Kazim"]
[Result "1-0"]
[WhiteElo "1464"]
[BlackElo "1477"]
[PlyCount "79"]
[EventDate "2019.07.16"]
[EventType "team-swiss"]
[EventRounds "9"]
[EventCountry "TUR"]
[SourceTitle "CBM 191 Extra"]
[Source "ChessBase"]
[SourceDate "2019.09.30"]
[SourceVersion "1"]
[SourceVersionDate "2019.09.30"]
[SourceQuality "1"]
[WhiteTeam "Elazig Genclik"]
[BlackTeam "Mersin Zeka"]
[WhiteTeamCountry "TUR"]
[BlackTeamCountry "TUR"]

1. e4 c5 2. Nc3 e6 3. f4 g6 4. Nf3 Bg7 5. Bc4 Ne7 6. d3 d5 7. Bb5+ Bd7 8. Bxd7+ Qxd7 9. e5 a6 10. 0-0 0-0 11. d4 c4 12. Qe1 b5 13. Qh4 Nf5 14. Qh3 Nc6 15. Ne2 Qa7 16. c3 Rfb8 17. g4 Nh6 18. Kh1 b4 19. Nh4 bxc3 20. bxc3 Ne7 21. Ba3 Rb5 22. Ng3 Qb7 23. f5 exf5 24. gxf5 Nhxf5 25. Ngxf5 Nxf5 26. Nxf5 gxf5 27. Qxf5 Rb6 28. Rf3 Rb8 29. Raf1 f6 30. Rh3 h6 31. Rg1 fxe5 32. Rhg3 Rb1 33. Qxb1 Qxb1 34. Rxg7+ Kh8 35. Rxb1 Rxb1+ 36. Rg1 Rb6 37. dxe5 Re6 38. Bd6 a5 39. Rd1 Kg7 40. Rxd5 1-0

[Event "TUR-chT Clubs"]
[Site "Konya"]
[Date "2019.07.18"]
[Round "4.16"]
[White "Elidolu, Oguz Kaan"]
[Black "Uregen, Rafet"]
[Result "1-0"]
[WhiteElo "1464"]
[BlackElo "1696"]
[PlyCount "87"]
[EventDate "2019.07.16"]
[EventType "team-swiss"]
[EventRounds "9"]
[EventCountry "TUR"]
[SourceTitle "CBM 191 Extra"]
[Source "ChessBase"]
[SourceDate "2019.09.30"]
[SourceVersion "1"]
[SourceVersionDate "2019.09.30"]
[SourceQuality "1"]
[WhiteTeam "Elazig Genclik"]
[BlackTeam "Cedid"]
[WhiteTeamCountry "TUR"]
[BlackTeamCountry "TUR"]

1. d4 d5 2. Bf4 Nf6 3. e3 e6 4. Nf3 Bd6 5. Bg3 Ne4 6. Nbd2 f5 7. Nxe4 fxe4 8. Ne5 0-0 9. Be2 c5 10. 0-0 cxd4 11. Qxd4 Nc6 12. Nxc6 bxc6 13. Bxd6 Qxd6 14. f3 e5 15. Qd2 Bf5 16. Rfd1 Qg6 17. fxe4 Bxe4 18. Bd3 Bxd3 19. Qxd3 Qxd3 20. Rxd3 Kf7 21. Rc3 Rfc8 22. Rc5 Ke6 23. c4 Rab8 24. b3 Kd6 25. Ra5 Rb7 26. Rd1 e4 27. cxd5 c5 28. Ra6+ Kd7 29. Rf1 Kc7 30. Re6 Rd8 31. Rc6+ Kb8 32. Rxc5 Rbd7 33. Rd1 Re7 34. Kf2 Rf7+ 35. Kg3 Rd6 36. Rc6 Rd8 37. Re6 g5 38. Rxe4 h5 39. Re5 Rg8 40. d6 h4+ 41. Kg4 Rf2 42. d7 Kc7 43. Re8 Rxg2+ 44. Kf3 1-0

[Event "TUR-chT Clubs"]
[Site "Konya"]
[Date "2019.07.17"]
[Round "3.17"]
[White "Malgac, Omer Beyazit"]
[Black "Elidolu, Oguz Kaan"]
[Result "1/2-1/2"]
[WhiteElo "1477"]
[BlackElo "1464"]
[PlyCount "109"]
[EventDate "2019.07.16"]
[EventType "team-swiss"]
[EventRounds "9"]
[EventCountry "TUR"]
[SourceTitle "CBM 191 Extra"]
[Source "ChessBase"]
[SourceDate "2019.09.30"]
[SourceVersion "1"]
[SourceVersionDate "2019.09.30"]
[SourceQuality "1"]
[WhiteTeam "Selcuklu Belediyesi"]
[BlackTeam "Elazig Genclik"]
[WhiteTeamCountry "TUR"]
[BlackTeamCountry "TUR"]

1. e4 c5 2. Nf3 e6 3. Qe2 Be7 4. g3 Nc6 5. Bg2 d5 6. d3 Nf6 7. 0-0 0-0 8. e5 Nd7 9. Re1 b5 10. a4 b4 11. c4 dxc4 12. dxc4 Qc7 13. Bf4 Bb7 14. Nbd2 Rfd8 15. h4 Nf8 16. h5 h6 17. Ne4 Nd4 18. Nxd4 Rxd4 19. Qg4 Kh8 20. Nd6 Bxd6 21. exd6 Qd7 22. Rad1 Rxc4 23. Qe2 Rd4 24. Rxd4 cxd4 25. Qe5 f6 26. Qxd4 e5 27. Bxe5 fxe5 28. Rxe5 Bxg2 29. Kxg2 Re8 30. Rxe8 Qxe8 31. Qxa7 Qc6+ 32. Kh2 Qxd6 33. b3 Qd5 34. Qe7 Qxh5+ 35. Kg2 Qd5+ 36. Kg1 Ne6 37. Qxb4 Nd4 38. Qf8+ Kh7 39. b4 h5 40. Qc5 Qxc5 41. bxc5 Kg6 42. Kg2 Kf5 43. a5 g5 44. a6 Nc6 45. Kf3 Na7 46. Ke3 Kg4 47. f4 gxf4+ 48. gxf4 h4 49. f5 Kxf5 50. Kf3 Nc6 51. Kg2 Kg4 52. Kh2 h3 53. Kg1 Kg3 54. Kh1 Na7 55. Kg1 1/2-1/2

[Event "TUR-chT2"]
[Site "Konya"]
[Date "2018.07.14"]
[Round "8.12"]
[White "Elidolu, Oguz Kaan"]
[Black "Ilbay, Hakki"]
[Result "1-0"]
[WhiteElo "1343"]
[BlackElo "1466"]
[PlyCount "117"]
[EventDate "2018.07.10"]
[EventType "team-swiss"]
[EventRounds "9"]
[EventCountry "TUR"]
[SourceTitle "EXT 2019"]
[Source "ChessBase"]
[SourceDate "2018.10.10"]
[SourceVersion "1"]
[SourceVersionDate "2018.10.10"]
[SourceQuality "1"]
[WhiteTeam "Elazig Genclik"]
[BlackTeam "Burhaniye"]
[WhiteTeamCountry "TUR"]
[BlackTeamCountry "TUR"]

1. c4 e5 2. g3 Nf6 3. Bg2 c6 4. Nf3 d6 5. 0-0 Be7 6. Nc3 0-0 7. d4 Nbd7 8. e4 exd4 9. Nxd4 Ne5 10. b3 Qa5 11. Qc2 Ng6 12. Bb2 Qh5 13. f4 Bh3 14. Rae1 Bxg2 15. Kxg2 Qg4 16. Nf5 Qh5 17. Nxe7+ Nxe7 18. e5 Ng4 19. h3 Nh6 20. exd6 Nef5 21. Ne4 Qg6 22. c5 Nxg3 23. Rg1 Nxe4+ 24. Kh2 Ng3 25. Qxg6 fxg6 26. Kxg3 Nf5+ 27. Kf3 Nh4+ 28. Kg4 Nf5 29. Re4 Rfe8 30. Be5 Rad8 31. Rd1 Rd7 32. Rde1 Kf7 33. Bc3 Rxe4 34. Rxe4 h5+ 35. Kf3 a6 36. Ba5 Nh4+ 37. Ke3 Nf5+ 38. Kf2 b5 39. Bc7 Nh4 40. Ke3 Nf5+ 41. Kd3 Ng3 42. Re5 Nf5 43. Kc3 Kf6 44. Re8 g5 45. fxg5+ Kxg5 46. Kb4 Kf6 47. Ka5 Nd4 48. Kb6 g5 49. Re4 Ne6 50. Kxc6 Nf8 51. Re8 Rf7 52. Bd8+ Kf5 53. Be7 Ne6 54. d7 g4 55. hxg4+ hxg4 56. Bh4 Nd4+ 57. Kd6 Kg6 58. d8Q Nf5+ 59. Ke5 1-0

[Event "TUR-chT2"]
[Site "Konya"]
[Date "2018.07.13"]
[Round "6.9"]
[White "Elidolu, Oguz Kaan"]
[Black "Benek, Omer"]
[Result "0-1"]
[WhiteElo "1343"]
[BlackElo "1663"]
[PlyCount "82"]
[EventDate "2018.07.10"]
[EventType "team-swiss"]
[EventRounds "9"]
[EventCountry "TUR"]
[SourceTitle "EXT 2019"]
[Source "ChessBase"]
[SourceDate "2018.10.10"]
[SourceVersion "1"]
[SourceVersionDate "2018.10.10"]
[SourceQuality "1"]
[WhiteTeam "Elazig Genclik"]
[BlackTeam "Derince Turgut"]
[WhiteTeamCountry "TUR"]
[BlackTeamCountry "TUR"]

1. c4 Nf6 2. Nf3 g6 3. g3 Bg7 4. Bg2 0-0 5. 0-0 d6 6. d4 Nbd7 7. Nc3 e5 8. b3 Re8 9. Bb2 h6 10. e3 exd4 11. exd4 d5 12. Qc2 dxc4 13. bxc4 Nb6 14. Qb3 c6 15. Rad1 Bg4 16. h3 Be6 17. Ne5 Qc8 18. Kh2 Rb8 19. d5 cxd5 20. cxd5 Bf5 21. f4 Nfd7 22. g4 Nxe5 23. gxf5 Nec4 24. fxg6 Nxb2 25. gxf7+ Kxf7 26. d6+ Qc4 27. d7 Red8 28. Qxb2 Qxc3 29. Qb1 Qf6 30. Qb3+ Qe6 31. Rd5 Ke7 32. Qb4+ Kf7 33. Rd6 Qxa2 34. Kh1 Bf6 35. Rxb6 axb6 36. Rd1 Qa5 37. Bd5+ Kg7 38. Rg1+ Kh8 39. Qd6 Qc3 40. Rg6 Qxh3+ 41. Kg1 Bd4# 0-1

[Event "TUR-chT2"]
[Site "Konya"]
[Date "2017.07.15"]
[Round "9.19"]
[White "Elidolu, Oguz Kaan"]
[Black "Orbay, Mert"]
[Result "1/2-1/2"]
[WhiteElo "1325"]
[BlackElo "1510"]
[PlyCount "132"]
[EventDate "2017.07.09"]
[EventType "team-swiss"]
[EventRounds "9"]
[EventCountry "TUR"]
[SourceTitle "CBM 179 Extra"]
[Source "ChessBase"]
[SourceDate "2017.08.23"]
[SourceVersion "1"]
[SourceVersionDate "2017.08.23"]
[SourceQuality "1"]
[WhiteTeam "Genclik Elazig"]
[BlackTeam "Amasya Oguz Ata"]
[WhiteTeamCountry "TUR"]
[BlackTeamCountry "TUR"]

1. e4 c6 2. d4 d5 3. e5 Bf5 4. h4 Bd7 5. Nf3 e6 6. Nbd2 c5 7. c3 Nc6 8. Be2 f6 9. Nf1 fxe5 10. dxe5 Nge7 11. Bf4 Ng6 12. Bg3 Be7 13. h5 Nf8 14. Ne3 Qb6 15. Qb3 Qxb3 16. axb3 0-0-0 17. Nd2 Re8 18. f4 a6 19. Nf3 g6 20. Ng4 gxh5 21. Rxh5 Ng6 22. Bd3 Ref8 23. Bxg6 hxg6 24. Rxh8 Rxh8 25. Ke2 Kc7 26. Nf2 Nd8 27. c4 d4 28. Kd3 Bc6 29. Ne4 Bxe4+ 30. Kxe4 Nf7 31. b4 Kc6 32. Bf2 cxb4 33. Nxd4+ Kd7 34. Rd1 Nd8 35. Nf5+ Ke8 36. Nxe7 Kxe7 37. Bc5+ Ke8 38. Bxb4 g5 39. g3 gxf4 40. gxf4 Rh2 41. Rd2 Rxd2 42. Bxd2 Kd7 43. f5 exf5+ 44. Kxf5 Ne6 45. Be3 Ke7 46. b4 Ng7+ 47. Ke4 Ke6 48. Bf4 Nf5 49. Bh2 Ne7 50. Kd4 Nc6+ 51. Kc5 a5 52. b5 Nxe5 53. b6 a4 54. Bxe5 Kxe5 55. Kb4 a3 56. Kxa3 Kd6 57. Kb4 Kd7 58. Kc5 Ke6 59. Kb4 Kd7 60. Kb5 Kd6 61. c5+ Kd7 62. c6+ Kc8 63. Kc5 Kb8 64. Kb5 bxc6+ 65. Kc4 Kc8 66. Kd4 Kb8 1/2-1/2

[Event "TUR-chT2"]
[Site "Konya"]
[Date "2017.07.10"]
[Round "2.14"]
[White "Akdag, Veli Oguzcan"]
[Black "Elidolu, Oguz Kaan"]
[Result "0-1"]
[WhiteElo "1188"]
[BlackElo "1325"]
[PlyCount "78"]
[EventDate "2017.07.09"]
[EventType "team-swiss"]
[EventRounds "9"]
[EventCountry "TUR"]
[SourceTitle "CBM 179 Extra"]
[Source "ChessBase"]
[SourceDate "2017.08.23"]
[SourceVersion "1"]
[SourceVersionDate "2017.08.23"]
[SourceQuality "1"]
[WhiteTeam "Ardahan Belediyesi"]
[BlackTeam "Genclik Elazig"]
[WhiteTeamCountry "TUR"]
[BlackTeamCountry "TUR"]

1. e4 c5 2. Nf3 d6 3. d4 cxd4 4. Nxd4 Nf6 5. Nc3 e5 6. Nf3 Be7 7. Bc4 Nc6 8. h3 0-0 9. 0-0 a6 10. a4 Qc7 11. Bg5 Nb4 12. Bb3 b6 13. Bxf6 Bxf6 14. Qd2 Bb7 15. Rad1 Be7 16. Rfe1 Rac8 17. Rc1 Kh8 18. Ne2 a5 19. c3 Na6 20. Ng3 Nc5 21. Bd1 Qd7 22. b4 Nxa4 23. Nf5 Bc6 24. Ra1 Rfe8 25. Nxe5 dxe5 26. Qxd7 Bxd7 27. Bxa4 b5 28. Bb3 Bxf5 29. exf5 axb4 30. cxb4 Bxb4 31. Re4 Bc3 32. Rd1 f6 33. Rd7 Red8 34. Rb7 Rb8 35. Rc7 Ba5 36. Ra7 Bb6 37. Rf7 Rd4 38. Re1 Rf4 39. Be6 Bxf2+ 0-1

[Event "TUR-chT2"]
[Site "Konya"]
[Date "2017.07.10"]
[Round "3.8"]
[White "Elidolu, Oguz Kaan"]
[Black "Celik, Musa"]
[Result "0-1"]
[WhiteElo "1325"]
[BlackElo "1780"]
[PlyCount "78"]
[EventDate "2017.07.09"]
[EventType "team-swiss"]
[EventRounds "9"]
[EventCountry "TUR"]
[SourceTitle "CBM 179 Extra"]
[Source "ChessBase"]
[SourceDate "2017.08.23"]
[SourceVersion "1"]
[SourceVersionDate "2017.08.23"]
[SourceQuality "1"]
[WhiteTeam "Genclik Elazig"]
[BlackTeam "Yildiz"]
[WhiteTeamCountry "TUR"]
[BlackTeamCountry "TUR"]

1. e4 c5 2. Nf3 Nc6 3. d4 cxd4 4. Nxd4 Nf6 5. Nc3 e6 6. Ndb5 Bb4 7. Nd6+ Ke7 8. Nxc8+ Rxc8 9. Bd3 h6 10. 0-0 Ne5 11. Kh1 Kf8 12. f4 Nxd3 13. cxd3 h5 14. e5 Ng4 15. g3 Bxc3 16. bxc3 Rxc3 17. Bd2 Rc6 18. h3 Nh6 19. Qxh5 g6 20. Qf3 Nf5 21. Kg2 Rc2 22. Rf2 Qb6 23. Bb4+ Kg7 24. Rxc2 Ne3+ 25. Kh2 Nxc2 26. Rb1 Kh7 27. Qe2 Nxb4 28. Qd2 a5 29. a3 Rc8 30. axb4 axb4 31. Rxb4 Qa5 32. Rb2 Qa1 33. Rxb7 Rc1 34. Qe2 Rh1+ 35. Kg2 Qg1+ 36. Kf3 Rh2 37. Qe3 Qd1+ 38. Ke4 Qh1+ 39. Qf3 Re2+ 0-1